[Event "Karpos Open 2013"]
[Site "Skopje MKD"]
[Date "2013.03.16"]
[Round "9.38"]
[White "Berescu, Alin-Mile"]
[Black "Strugnell, Carl"]
[Result "1/2-1/2"]
[WhiteTitle "GM"]
[BlackTitle "FM"]
[WhiteElo "2477"]
[BlackElo "2301"]
[WhiteFideId "1204920"]
[BlackFideId "616753"]
[EventDate "2013.03.09"]

1. c4 Nf6 2. g3 e5 3. Bg2 d5 4. cxd5 Nxd5 5. Nc3 Nb6 6. Nf3 Nc6 7. O-O Be7 8. a3
O-O 9. b4 Re8 10. d3 Bf8 11. Bb2 a5 12. b5 Nd4 13. Nd2 a4 14. e3 Ne6 15. Nf3 f6
16. Qc2 Qe7 17. Rad1 Qf7 18. Nd2 1/2-1/2

[Event "Karpos Open 2013"]
[Site "Skopje MKD"]
[Date "2013.03.16"]
[Round "9.40"]
[White "Battaglini, Gabriel"]
[Black "Duman, Aydin"]
[Result "1-0"]
[WhiteTitle "IM"]
[WhiteElo "2436"]
[BlackElo "2249"]
[WhiteFideId "621650"]
[BlackFideId "6301304"]
[EventDate "2013.03.09"]

1. d4 Nf6 2. c4 c5 3. Nf3 cxd4 4. Nxd4 e5 5. Nb5 d5 6. cxd5 Bc5 7. N5c3 O-O 8.
e3 e4 9. Nd2 Qe7 10. Nb3 Bd6 11. Nd4 Rd8 12. Bc4 a6 13. a4 Qe5 14. f4 exf3 15.
Nxf3 Qh5 16. O-O Nbd7 17. h3 Ne5 18. Nxe5 Qxe5 19. Qf3 Bd7 20. Bd3 Rac8 21. e4
Qh2+ 22. Kf2 b5 23. axb5 axb5 24. Ne2 Qe5 25. Ke1 Qh2 26. Kf2 Qe5 27. Ke1 Qh2
28. Kf2 Qe5 29. Bf4 Bc5+ 30. Kg3 Nh5+ 31. Kh2 Nxf4 32. Qxf4 Qe7 33. e5 Re8 34.
Kh1 Rcd8 35. b4 Bb6 36. Ra6 Rb8 37. Ng3 Qxe5 38. Qxf7+ Kh8 39. Rxb6 1-0

[Event "Karpos Open 2013"]
[Site "Skopje MKD"]
[Date "2013.03.16"]
[Round "9.43"]
[White "Stanojoski, Zvonko"]
[Black "Koksal, Ege"]
[Result "1/2-1/2"]
[WhiteTitle "GM"]
[BlackTitle "CM"]
[WhiteElo "2413"]
[BlackElo "2220"]
[WhiteFideId "15000257"]
[BlackFideId "6317626"]
[EventDate "2013.03.09"]

1. c4 Nf6 2. g3 e6 3. Bg2 d5 4. Nf3 Nbd7 5. O-O dxc4 6. Qa4 a6 7. Qxc4 b5 8. Qc2
Bb7 9. d3 Bd6 10. Nbd2 O-O 11. a4 c5 12. Nb3 Rc8 13. axb5 axb5 14. Bd2 c4 15.
dxc4 Rxc4 16. Qd1 Bd5 17. Ba5 Qb8 18. Nfd2 Bxg2 19. Kxg2 Ra4 20. Nf3 Ne5 21. Bc3
Nxf3 22. Bxf6 Ne5 23. Bxe5 Bxe5 24. Nc5 Qa8+ 25. Kg1 Rxa1 26. Qxa1 Qxa1 27. Rxa1
Bxb2 28. Rb1 Ba3 29. Rxb5 Bxc5 30. Rxc5 f5 31. Kg2 Kf7 32. h4 Kf6 33. Rc4 h6 34.
e4 Re8 35. Kf3 g5 36. exf5 exf5 37. Rc6+ Re6 38. hxg5+ hxg5 39. Rxe6+ Kxe6 40.
g4 Ke5 41. gxf5 Kxf5 42. Kg3 g4 43. f4 gxf3 44. Kxf3 1/2-1/2

[Event "Karpos Open 2013"]
[Site "Skopje MKD"]
[Date "2013.03.16"]
[Round "9.45"]
[White "Goryachkina, Aleksandra"]
[Black "Dimic, Pavle"]
[Result "1-0"]
[WhiteTitle "WGM"]
[BlackTitle "FM"]
[WhiteElo "2386"]
[BlackElo "2212"]
[WhiteFideId "4147103"]
[BlackFideId "937428"]
[EventDate "2013.03.09"]

1. d4 Nf6 2. c4 g6 3. Nc3 Bg7 4. e4 d6 5. f3 O-O 6. Bg5 c5 7. d5 h6 8. Bf4 Nh5
9. Be3 e6 10. g4 Nf6 11. h4 h5 12. g5 Nh7 13. Nh3 e5 14. Qd2 Na6 15. Nf2 Nc7 16.
a3 Kh8 17. Be2 f6 18. O-O-O fxg5 19. hxg5 Bd7 20. Nd3 b5 21. f4 bxc4 22. f5 cxd3
23. Bxh5 gxh5 24. Rxh5 Rxf5 25. exf5 Bxf5 26. Rdh1 Kg8 27. Qh2 Nf8 28. Rh8+ Kf7
29. Rf1 Qd7 30. g6+ Ke8 31. Qh5 d2+ 32. Bxd2 Qe7 33. Rxf5 1-0

[Event "Karpos Open 2013"]
[Site "Skopje MKD"]
[Date "2013.03.16"]
[Round "9.46"]
[White "Zozulia, Anna"]
[Black "Ilic, Ljubomir"]
[Result "1-0"]
[WhiteTitle "IM"]
[BlackTitle "FM"]
[WhiteElo "2336"]
[BlackElo "2198"]
[WhiteFideId "14102110"]
[BlackFideId "15000540"]
[EventDate "2013.03.09"]

1. e4 c5 2. Nf3 e6 3. d4 cxd4 4. Nxd4 Nf6 5. Nc3 d6 6. Be2 Be7 7. O-O O-O 8. f4
a6 9. Kh1 Nc6 10. Be3 Qc7 11. Qe1 Nxd4 12. Bxd4 b5 13. a3 Bb7 14. Qg3 g6 15. e5
Ne4 16. Nxe4 Bxe4 17. exd6 Qxd6 18. c3 Qc6 19. Bf3 Bxf3 20. Rxf3 Rfe8 21. Re1
Bf8 22. Qg5 Bg7 23. Bxg7 Kxg7 24. Rh3 h5 25. Rxh5 Rh8 26. Rxh8 Rxh8 27. Qe5+ Kg8
28. Rd1 1-0

[Event "Karpos Open 2013"]
[Site "Skopje MKD"]
[Date "2013.03.16"]
[Round "9.47"]
[White "Bogoevski, Jani"]
[Black "Videnova, Iva"]
[Result "0-1"]
[WhiteTitle "FM"]
[BlackTitle "WGM"]
[WhiteElo "2217"]
[BlackElo "2329"]
[WhiteFideId "15000435"]
[BlackFideId "2907763"]
[EventDate "2013.03.09"]

1. d4 Nf6 2. Nf3 g6 3. c4 Bg7 4. Nc3 d5 5. e3 O-O 6. Bd2 e6 7. Qb3 b6 8. Bd3 Bb7
9. cxd5 exd5 10. Rc1 Ne4 11. Na4 Nxd2 12. Nxd2 c6 13. O-O Nd7 14. Nf3 Rc8 15.
Rc2 Re8 16. Rfc1 Qe7 17. Nc3 Nf6 18. Qa4 a5 19. Qb3 b5 20. a4 b4 21. Ne2 Ne4 22.
Bxe4 Qxe4 23. Rc5 Ra8 24. Nf4 Bf8 25. R5c2 Qf5 26. Qd3 Re4 27. Ne5 f6 28. Nxc6
Ba6 29. Qd2 Bc4 30. f3 Rxf4 31. exf4 Bb3 32. Rc5 Bxa4 33. Nxa5 Bxc5 34. Rxc5 Qe6
35. Qxb4 Qe3+ 36. Kh1 Re8 37. h3 Qxf4 38. Qc3 Bd7 39. Nb3 Qg3 40. Rxd5 Re1+ 0-1

[Event "Karpos Open 2013"]
[Site "Skopje MKD"]
[Date "2013.03.16"]
[Round "9.48"]
[White "Atakisi, Umut"]
[Black "Ozkan, Ervin"]
[Result "1/2-1/2"]
[WhiteTitle "IM"]
[WhiteElo "2328"]
[BlackElo "2184"]
[WhiteFideId "6301037"]
[BlackFideId "6306004"]
[EventDate "2013.03.09"]

1. e4 c5 2. Nf3 d6 3. d4 cxd4 4. Nxd4 Nf6 5. Nc3 g6 6. Be3 Bg7 7. f3 a6 8. Qd2
h5 9. Bc4 b5 10. Bb3 Bb7 11. O-O Nbd7 12. a4 b4 13. Nd5 a5 14. Kh1 O-O 15. Bh6
Nxd5 16. exd5 Nf6 17. Rfe1 Qd7 18. Bxg7 Kxg7 19. Qg5 Rfe8 20. Re2 Nh7 21. Qh4
Rac8 22. Rae1 Nf6 23. Qg5 Nh7 24. Qh4 Nf6 25. Qg5 Nh7 26. Qh4 Nf6 27. Qg5 1/2-1/2

[Event "Karpos Open 2013"]
[Site "Skopje MKD"]
[Date "2013.03.16"]
[Round "9.49"]
[White "Petrov, Georgi"]
[Black "Cabarkapa, Novak"]
[Result "1/2-1/2"]
[BlackTitle "FM"]
[WhiteElo "2200"]
[BlackElo "2321"]
[WhiteFideId "15001440"]
[BlackFideId "943746"]
[EventDate "2013.03.09"]

1. c4 g6 2. Nc3 Bg7 3. g3 e5 4. Bg2 Nc6 5. e4 h5 6. h4 d6 7. d3 Nd4 8. Bg5 Nf6
9. f3 c6 10. Nge2 Qa5 11. Qd2 Nb3 12. axb3 Qxa1+ 13. Kf2 Qa5 14. Be3 O-O 15. Rd1
Nd7 16. d4 exd4 17. Bxd4 Ne5 18. Nf4 Be6 19. Bf1 a6 20. Kg2 Qc7 21. Be2 Bc8 22.
Be3 b5 23. Qxd6 Qxd6 24. Rxd6 Re8 25. Kf2 Bb7 26. Bb6 Bf8 27. Rd1 Bc8 28. Be3
Rb8 29. c5 Be7 30. Na2 Bd8 31. Nb4 a5 32. Nc2 Be7 1/2-1/2

[Event "Karpos Open 2013"]
[Site "Skopje MKD"]
[Date "2013.03.16"]
[Round "9.50"]
[White "Csonka, Balazs"]
[Black "Atanasov, Radislav"]
[Result "1-0"]
[WhiteTitle "FM"]
[WhiteElo "2319"]
[BlackElo "2147"]
[WhiteFideId "742910"]
[BlackFideId "2901471"]
[EventDate "2013.03.09"]

1. d4 Nf6 2. c4 c5 3. d5 e6 4. Nc3 exd5 5. cxd5 d6 6. Nf3 g6 7. Bf4 a6 8. a4 Bg7
9. h3 O-O 10. e3 Nh5 11. Bh2 f5 12. Be2 Nf6 13. Nd2 Qc7 14. Nc4 Ne8 15. a5 Nd7
16. Na4 Ne5 17. Nab6 Rb8 18. Bxe5 Bxe5 19. Nxe5 dxe5 20. Rc1 Qe7 21. b4 c4 22.
Qd2 Nd6 23. Nxc4 Bd7 24. O-O Nxc4 25. Bxc4 Qd6 26. Ba2 Kg7 27. Rc5 f4 28. exf4
Rxf4 29. Qc3 Rbf8 30. Rc7 Kh6 31. Qc1 g5 32. Qc5 Qxc5 33. bxc5 Bb5 34. Re1 e4
35. Bb1 Bd3 36. f3 g4 37. Bxd3 gxf3 38. Rxe4 1-0

[Event "Karpos Open 2013"]
[Site "Skopje MKD"]
[Date "2013.03.16"]
[Round "9.51"]
[White "Ben Artzi, Ido"]
[Black "Yurtseven, Melih"]
[Result "1-0"]
[WhiteElo "2307"]
[BlackElo "2135"]
[WhiteFideId "2810913"]
[BlackFideId "6312160"]
[EventDate "2013.03.09"]

1. d4 e6 2. c4 b6 3. e4 Bb7 4. Bd3 Nc6 5. Nf3 Nb4 6. Nc3 Nxd3+ 7. Qxd3 Bb4 8.
O-O Bxc3 9. bxc3 Qf6 10. Re1 d6 11. c5 Qe7 12. cxd6 cxd6 13. Ba3 Qd7 14. Nd2 Ne7
15. Nc4 Nc8 16. Qg3 O-O 17. Bxd6 Nxd6 18. Nxd6 Rad8 19. e5 Ba8 20. f4 Kh8 21.
Re2 f5 22. Qh4 Qc7 23. Re3 a6 24. Rae1 b5 25. a3 Rd7 26. Rh3 h6 27. Ree3 Bd5 28.
Reg3 Qd8 29. Qh5 Rxd6 30. Qxh6+ 1-0

[Event "Karpos Open 2013"]
[Site "Skopje MKD"]
[Date "2013.03.16"]
[Round "9.53"]
[White "Kacakovski, Dimitar"]
[Black "Codenotti, Marco"]
[Result "1-0"]
[WhiteTitle "FM"]
[BlackTitle "FM"]
[WhiteElo "2138"]
[BlackElo "2402"]
[WhiteFideId "15000052"]
[BlackFideId "800015"]
[EventDate "2013.03.09"]

1. e4 c5 2. Nf3 d6 3. d4 cxd4 4. Nxd4 Nf6 5. Nc3 a6 6. Bg5 Nbd7 7. f4 Qc7 8. Qe2
e6 9. O-O-O Be7 10. g4 h6 11. Bh4 b5 12. a3 Bb7 13. Rg1 g5 14. fxg5 Nh7 15. Bg3
hxg5 16. Kb1 Nhf8 17. h3 Ne5 18. Nf3 Nfg6 19. Qe3 Nxf3 20. Qxf3 Ne5 21. Qf2 Rb8
22. Bxe5 dxe5 23. Rg3 Bc6 24. Rf3 f6 25. Rxf6 Bxf6 26. Qxf6 Rh7 27. Qxe6+ Kf8
28. Qf6+ Rf7 29. Qh6+ Rg7 30. Rd6 Bb7 31. Bd3 Kg8 32. Nd5 Bxd5 33. exd5 Rd8 34.
Qe6+ Kh8 35. Rxa6 1-0

[Event "Karpos Open 2013"]
[Site "Skopje MKD"]
[Date "2013.03.16"]
[Round "9.55"]
[White "Hristovski, Srdzan"]
[Black "Tesik, Csaba"]
[Result "1-0"]
[BlackTitle "FM"]
[WhiteElo "2122"]
[BlackElo "2366"]
[WhiteFideId "15001148"]
[BlackFideId "735582"]
[EventDate "2013.03.09"]

1. d4 Nf6 2. c4 g6 3. Nc3 Bg7 4. e4 d6 5. f3 a6 6. Be3 Nc6 7. Bd3 e5 8. d5 Nd4
9. Nge2 Nh5 10. Qd2 Rb8 11. Bg5 Bf6 12. Bxf6 Qxf6 13. Nxd4 exd4 14. Ne2 c5 15.
O-O O-O 16. b4 b6 17. Rab1 Bd7 18. Rb3 Qd8 19. bxc5 bxc5 20. Rfb1 Rxb3 21. Rxb3
f5 22. exf5 Bxf5 23. Bxf5 gxf5 24. Qh6 Ng7 25. Nf4 Qe7 26. h4 Re8 27. Kh2 Qe5
28. Kh3 Qe7 29. Rb6 Rd8 30. Rxa6 Rd7 31. Ra8+ Rd8 32. Rxd8+ Qxd8 33. Qxg7+ 1-0

[Event "Karpos Open 2013"]
[Site "Skopje MKD"]
[Date "2013.03.16"]
[Round "9.57"]
[White "Piskur, Mitja"]
[Black "Arizanov, Tome"]
[Result "1/2-1/2"]
[WhiteTitle "FM"]
[WhiteElo "2301"]
[BlackElo "2099"]
[WhiteFideId "14600943"]
[BlackFideId "15000079"]
[EventDate "2013.03.09"]

1. g3 Nf6 2. Bg2 g6 3. f4 Bg7 4. Nf3 O-O 5. O-O d6 6. d3 Na6 7. c3 Rb8 8. a4 b6
9. Nd4 Bd7 10. Nc6 Bxc6 11. Bxc6 Nc5 12. b4 Ncd7 13. e4 Kh8 14. Ra2 Rg8 15. Be3
Nf8 16. Nd2 Qc8 17. d4 Ng4 18. Qf3 Nxe3 19. Qxe3 e6 20. Nf3 h6 21. Qd3 Nh7 22.
b5 Qd8 23. e5 Qe7 24. Re2 Rbd8 25. Qe3 Nf8 26. Be4 Nh7 27. Ra2 d5 28. Bd3 Rc8
29. Nh4 Bf8 30. Rc2 c5 31. Rfc1 c4 32. Bf1 Qa3 33. Qd2 Qxa4 34. Rb1 Qa3 35. Ra2
Qe7 36. Be2 Rc7 37. Bd1 f5 38. exf6 Nxf6 39. Bc2 Qf7 40. Nf3 Bd6 41. Ne5 Qe7 42.
Re1 g5 43. Raa1 Bxe5 44. fxe5 Nh7 45. Rf1 Rf8 46. h4 1/2-1/2

[Event "Karpos Open 2013"]
[Site "Skopje MKD"]
[Date "2013.03.16"]
[Round "9.58"]
[White "Organdziev, Oliver"]
[Black "Nisic, Miroslav"]
[Result "1-0"]
[WhiteTitle "FM"]
[WhiteElo "2293"]
[BlackElo "2079"]
[WhiteFideId "15000419"]
[BlackFideId "948578"]
[EventDate "2013.03.09"]

1. e4 c6 2. d4 d5 3. e5 Bf5 4. Nf3 e6 5. Be2 c5 6. O-O Nc6 7. c3 a6 8. Be3 cxd4
9. Nxd4 Nxd4 10. Bxd4 Qc7 11. Na3 Bc5 12. Qa4+ Kf8 13. Nb5 Qc6 14. Bxc5+ Qxc5
15. Nd6 Qc6 16. Qb4 a5 17. Qa3 Ne7 18. c4 Kg8 19. Bf3 b6 20. Rac1 Qd7 21. Rfd1
Rb8 22. cxd5 h6 23. Nxf5 Nxf5 24. d6 g6 25. Be4 Kg7 26. Bxf5 exf5 27. Rc7 Qe6
28. Re7 Qc4 29. e6 Rhf8 30. Qe3 Qc5 31. Qxc5 bxc5 32. Rc7 Kf6 33. e7 Rfe8 34. f4
Ke6 35. d7 Rxe7 36. Rc6# 1-0

[Event "Karpos Open 2013"]
[Site "Skopje MKD"]
[Date "2013.03.16"]
[Round "9.59"]
[White "Anastasovski, Nikola"]
[Black "Rudolf, Anna"]
[Result "0-1"]
[BlackTitle "WGM"]
[WhiteElo "2065"]
[BlackElo "2292"]
[WhiteFideId "2605503"]
[BlackFideId "722855"]
[EventDate "2013.03.09"]

1. g3 d5 2. Bg2 c6 3. b3 e5 4. d3 Nf6 5. Bb2 Bd6 6. e3 O-O 7. h3 Re8 8. Ne2 e4
9. dxe4 Nxe4 10. Nd2 Bf5 11. Nxe4 Bxe4 12. Bxe4 Rxe4 13. O-O Qc7 14. Kg2 Nd7 15.
Qd2 Rd8 16. Rad1 Nf8 17. Nf4 Qe7 18. Rfe1 Re8 19. Ne2 Bc7 20. Nd4 Qg5 21. f4 Qg6
22. Nf3 f6 23. Qd3 Ne6 24. Kf2 Nc5 25. Qf1 R4e7 26. Kg2 Qxc2+ 27. Re2 Qe4 28.
Ba3 Bd6 29. Rd4 Qe6 30. Qc1 Ne4 31. Bxd6 Nxd6 32. g4 h5 33. f5 Qd7 34. Nh4 Re4
35. Rxe4 Rxe4 36. Kf3 Nf7 37. Qh1 Ne5+ 38. Kf2 hxg4 39. hxg4 Rxg4 40. Ke1 Qd6
41. Kd1 Qb4 42. Rh2 Qc3 43. Ng6 Nxg6 44. fxg6 Rg1+ 45. Qxg1 Qa1+ 46. Ke2 Qxg1
47. Rh8+ Kxh8 0-1

[Event "Karpos Open 2013"]
[Site "Skopje MKD"]
[Date "2013.03.16"]
[Round "9.60"]
[White "Bozinovic, Boban"]
[Black "Veleski, Robert"]
[Result "1/2-1/2"]
[WhiteTitle "CM"]
[BlackTitle "FM"]
[WhiteElo "2051"]
[BlackElo "2267"]
[WhiteFideId "929697"]
[BlackFideId "15001008"]
[EventDate "2013.03.09"]

1. e4 e5 2. Nf3 Nc6 3. Bb5 a6 4. Bxc6 dxc6 5. O-O f6 6. d4 exd4 7. Qxd4 Qxd4 8.
Nxd4 Bd7 9. Nc3 O-O-O 10. Be3 Bb4 11. Nde2 Ne7 12. a3 Bd6 13. Rad1 Rhe8 14. f3
Ng6 15. Rxd6 cxd6 16. Bb6 Ne5 17. b3 Be6 18. Bxd8 Kxd8 19. Rd1 Kc7 20. Nd4 Bc8
21. Kf2 b5 22. h3 Ng6 23. g4 Re5 24. Kg3 a5 25. f4 Re8 26. b4 Bd7 27. Rd3 Ne7
28. h4 axb4 29. axb4 Ra8 30. f5 Ra1 31. Kg2 Nc8 32. g5 Ne7 33. Rg3 Ra8 34. Kh2
Rg8 35. Kg2 Kb6 36. gxf6 gxf6 37. Rxg8 Nxg8 38. Kf3 Ne7 39. Kg4 Be8 40. Ne6 h5+
41. Kf4 Bf7 42. Ng7 c5 43. bxc5+ Kxc5 44. Ne2 Kc4 45. Ke3 d5 46. exd5 Nxd5+ 47.
Kd2 b4 48. Ng3 Kd4 49. N7xh5 Ke5 50. Ng7 Kf4 51. Ne2+ Kg4 52. h5 Kg5 53. Ng3 Kh6
54. Ne6 Bxh5 55. Nxh5 Kxh5 56. Kd3 Kg4 57. Kc4 Ne3+ 58. Kxb4 Nxc2+ 59. Kc3 Kxf5
60. Ng7+ Kg6 61. Ne8 Ne3 62. Nxf6 Kxf6 1/2-1/2

[Event "Karpos Open 2013"]
[Site "Skopje MKD"]
[Date "2013.03.16"]
[Round "9.63"]
[White "Jankov, Dejan"]
[Black "Manelidou, Maria"]
[Result "1/2-1/2"]
[WhiteElo "2207"]
[BlackElo "2029"]
[WhiteFideId "15000931"]
[BlackFideId "4212240"]
[EventDate "2013.03.09"]

1. e4 e5 2. c4 Bc5 3. Nc3 Qf6 4. Nf3 Ne7 5. Be2 d6 6. d3 h6 7. O-O Nbc6 8. Be3
Bg4 9. Nd5 Nxd5 10. cxd5 Bxf3 11. dxc6 Bxe2 12. cxb7 Rb8 13. Qxe2 Bb6 14. Qc2
Qe7 15. Qc6+ Qd7 16. Rfc1 Qxc6 17. Rxc6 Rxb7 18. Bxb6 axb6 19. Rac1 Kd7 1/2-1/2

[Event "Karpos Open 2013"]
[Site "Skopje MKD"]
[Date "2013.03.16"]
[Round "9.64"]
[White "Mihajlovski, Petre"]
[Black "Arat, Ufuk Sezen"]
[Result "0-1"]
[WhiteElo "2012"]
[BlackElo "2188"]
[WhiteFideId "15003051"]
[BlackFideId "6309089"]
[EventDate "2013.03.09"]

1. d4 Nf6 2. c4 g6 3. Nc3 Bg7 4. Nf3 O-O 5. g3 c5 6. d5 a6 7. a4 d6 8. Bg2 e6 9.
O-O exd5 10. cxd5 b6 11. Bf4 h6 12. h4 Nh5 13. Bd2 Nd7 14. e4 Qe7 15. Re1 Ne5
16. Nxe5 Qxe5 17. Bf3 Nxg3 18. fxg3 Qxg3+ 19. Bg2 Bd4+ 0-1

[Event "Karpos Open 2013"]
[Site "Skopje MKD"]
[Date "2013.03.16"]
[Round "9.65"]
[White "Cherednichenko, Elena"]
[Black "Menzi, Nezihe Ezgi"]
[Result "1-0"]
[WhiteTitle "WFM"]
[WhiteElo "2175"]
[BlackElo "1889"]
[WhiteFideId "14105560"]
[BlackFideId "6310060"]
[EventDate "2013.03.09"]

1. d4 Nf6 2. Nf3 g6 3. Nc3 d5 4. Bf4 Bg7 5. e3 O-O 6. Be2 Nbd7 7. Ne5 c6 8. h4
Nxe5 9. Bxe5 Qb6 10. Rb1 Ne4 11. Bxg7 Kxg7 12. Nxe4 dxe4 13. c3 Be6 14. b3 Qa5
15. Qc2 c5 16. h5 cxd4 17. exd4 Qg5 18. Qxe4 Bf5 19. h6+ Kg8 20. Qe5 Qf6 21.
Qxf6 exf6 22. Rb2 Rfe8 23. O-O Rac8 24. Bc4 a6 25. a4 Bd7 26. a5 g5 27. Rbb1 f5
28. Rfe1 Rc6 29. Rxe8+ Bxe8 30. Bd5 Rxh6 31. Bxb7 f6 32. Re1 Bf7 33. c4 Kf8 34.
c5 f4 35. d5 f3 36. gxf3 1-0

[Event "Karpos Open 2013"]
[Site "Skopje MKD"]
[Date "2013.03.16"]
[Round "9.67"]
[White "Steil-Antoni, Fiona"]
[Black "Peev, Kosta"]
[Result "1/2-1/2"]
[WhiteTitle "WIM"]
[WhiteElo "2152"]
[BlackElo "1648"]
[WhiteFideId "4001249"]
[BlackFideId "15001660"]
[EventDate "2013.03.09"]

1. e4 c5 2. c3 d5 3. exd5 Qxd5 4. d4 Nf6 5. Nf3 Bg4 6. dxc5 Qxd1+ 7. Kxd1 e5 8.
b4 e4 9. h3 Bh5 10. g4 Nxg4 11. hxg4 Bxg4 12. Nd2 exf3 13. Bd3 Nc6 14. Re1+ Kd7
15. Nc4 f6 16. Bf4 g5 17. Bh2 Bg7 18. b5 Ne7 19. Kc2 Rac8 20. Rad1 Rxc5 21.
Rxe7+ Kxe7 22. Bd6+ Kf7 23. Bxc5 b6 24. Bb4 h5 25. Re1 Bf8 26. Bxf8 Kxf8 27. Nd6
Bd7 28. Be4 g4 29. c4 h4 30. Kd2 Rh5 31. Bd3 g3 32. Ne4 g2 33. Nxf6 Rg5 34.
Nxd7+ Kf7 35. Be4 h3 36. Bxf3 g1=Q 37. Rxg1 Rxg1 38. Ke3 h2 39. Ne5+ Ke6 40. Nc6
h1=Q 41. Bxh1 Rxh1 42. Nxa7 Kd6 43. Kd4 Rh4+ 44. Kc3 Kc5 45. Kb3 Rxc4 46. a4 Rf4
47. Nc6 Rf3+ 48. Kb2 Rxf2+ 49. Kb3 Rf3+ 50. Kb2 Rf2+ 1/2-1/2

[Event "Karpos Open 2013"]
[Site "Skopje MKD"]
[Date "2013.03.16"]
[Round "9.69"]
[White "Klemencic, Gorazd"]
[Black "Velikic, Adela"]
[Result "1/2-1/2"]
[WhiteElo "2225"]
[BlackElo "1990"]
[WhiteFideId "14600820"]
[BlackFideId "913553"]
[EventDate "2013.03.09"]

1. e4 c5 2. Nf3 Nc6 3. c3 d6 4. d4 cxd4 5. cxd4 Nf6 6. Nc3 e6 7. h3 Be7 8. Be3
a6 9. Rc1 O-O 10. Bd3 b5 11. O-O Bb7 12. Nd2 Nd7 13. g4 Bf6 14. Ne2 g6 15. f4
Qb6 16. Nf3 e5 17. Bb1 Rfe8 18. Re1 d5 19. Bf2 dxe4 20. dxe5 e3 21. Bg3 Be7 22.
e6 Nf6 23. exf7+ Kxf7 24. f5 Kg7 25. g5 Nh5 26. f6+ Kh8 27. Bh2 Rad8 28. Qc2 Bb4
29. a3 Bxe1 30. Rxe1 Nb4 31. axb4 Bxf3 32. Qc3 Rf8 33. Be5 Rf7 34. Ba2 Bd5 35.
Bxd5 Rxd5 36. Qc8+ Qd8 37. Qe6 Qd7 38. Qxd7 Rdxd7 39. Nd4 h6 40. h4 hxg5 41.
hxg5 Kg8 42. Rxe3 Nf4 43. Nc6 Nd5 44. Re4 Rh7 45. Bd4 Rh5 46. Rg4 Nc7 47. Be3
Ne6 48. Ne5 Rd5 49. Nxg6 Rhxg5 50. Bxg5 Rxg5 51. Rxg5 Nxg5 52. Ne5 Ne4 53. Nd7 1/2-1/2

[Event "Karpos Open 2013"]
[Site "Skopje MKD"]
[Date "2013.03.16"]
[Round "9.70"]
[White "Jovanovic, Bojan P"]
[Black "Stojanovski, Stefan"]
[Result "1-0"]
[WhiteElo "2198"]
[BlackElo "1989"]
[WhiteFideId "900710"]
[BlackFideId "15002446"]
[EventDate "2013.03.09"]

1. d4 Nf6 2. c4 c5 3. d5 b5 4. cxb5 a6 5. bxa6 Bxa6 6. Nc3 d6 7. e4 Bxf1 8. Kxf1
g6 9. Nf3 Nbd7 10. g3 Bg7 11. Kg2 O-O 12. a4 Qb6 13. Ra3 Rfb8 14. Qc2 Ng4 15.
Nb5 Nge5 16. Nd2 Qb7 17. f4 Ng4 18. h3 Ngf6 19. Nc4 Nb6 20. b3 Nfd7 21. Bd2 Nxc4
22. bxc4 Nb6 23. Rb1 Ra6 24. a5 Nd7 25. Rab3 Qc8 26. Na3 Rba8 27. Rb7 R6a7 28.
Qb3 h5 29. Qb5 Kh7 30. Nc2 Bf6 31. Ne1 h4 32. g4 Bg7 33. Nf3 Nf6 34. Ng5+ 1-0

[Event "Karpos Open 2013"]
[Site "Skopje MKD"]
[Date "2013.03.16"]
[Round "9.72"]
[White "Nikolovski, Nikola"]
[Black "Alishani, Ibrahim"]
[Result "1-0"]
[WhiteElo "1965"]
[BlackElo "2167"]
[WhiteFideId "15002314"]
[BlackFideId "939609"]
[EventDate "2013.03.09"]

1. e4 c5 2. Nc3 d6 3. f4 e6 4. Nf3 a6 5. d3 Qc7 6. g3 b5 7. Bg2 Bb7 8. O-O Nd7
9. h3 Ngf6 10. Bd2 Be7 11. Ne2 O-O 12. g4 c4 13. Ng3 cxd3 14. cxd3 Nc5 15. Qe2
Nfd7 16. d4 Na4 17. Rac1 Qd8 18. b3 Nab6 19. f5 Rc8 20. Rce1 Rc2 21. Qd3 Qc7 22.
g5 Rc8 23. f6 gxf6 24. gxf6 Bxf6 25. Nh5 Be7 26. Re2 Kh8 27. Ne1 f6 28. Nxc2
Qxc2 29. Qf3 Qc7 30. Rc1 Qd8 31. Rxc8 Qxc8 32. Bh6 Qe8 33. Bg7+ Kg8 34. Bxf6
Nxf6 35. Nxf6+ Bxf6 36. Qxf6 Nd7 37. Qg5+ Kh8 38. Rf2 Nf8 39. Qf6+ Kg8 40. h4
Nd7 41. Qg5+ Kh8 42. h5 Bc8 43. h6 Qg8 44. Qxg8+ Kxg8 45. Rc2 1-0

[Event "Karpos Open 2013"]
[Site "Skopje MKD"]
[Date "2013.03.16"]
[Round "9.77"]
[White "Georgieva, Emilia"]
[Black "Peczely, Sebastian Zsombor"]
[Result "0-1"]
[WhiteElo "1904"]
[BlackElo "2072"]
[WhiteFideId "2902451"]
[BlackFideId "750964"]
[EventDate "2013.03.09"]

1. d4 d5 2. Nf3 Nf6 3. c3 e6 4. Bg5 Be7 5. Nbd2 Nbd7 6. e3 O-O 7. Bd3 h6 8. h4
c5 9. Rc1 b6 10. Ne5 Bb7 11. g4 hxg5 12. hxg5 Nxe5 13. dxe5 Ne4 14. f4 Nxg5 15.
fxg5 Bxg5 16. Qe2 Bh4+ 17. Kf1 g5 18. Rxh4 gxh4 19. Kg2 Kg7 20. Rh1 Rh8 0-1

[Event "Karpos Open 2013"]
[Site "Skopje MKD"]
[Date "2013.03.16"]
[Round "9.78"]
[White "Tairi, Krenar"]
[Black "Orehek, Spela"]
[Result "1/2-1/2"]
[WhiteElo "1835"]
[BlackElo "2062"]
[WhiteFideId "15001679"]
[BlackFideId "14605872"]
[EventDate "2013.03.09"]

1. d4 d5 2. c4 c6 3. Nc3 Nf6 4. cxd5 cxd5 5. Nf3 Nc6 6. Bf4 Bg4 7. e3 e6 8. Be2
Bxf3 9. Bxf3 Bd6 10. Bxd6 Qxd6 11. O-O O-O 12. Rc1 Rac8 13. Na4 Nd7 14. Qd2 Ne7
15. Rxc8 Rxc8 16. Rc1 Rc6 17. Rxc6 Qxc6 18. b3 Nc8 19. Qc3 1/2-1/2

[Event "Karpos Open 2013"]
[Site "Skopje MKD"]
[Date "2013.03.16"]
[Round "9.80"]
[White "Yildiz, Mustafa"]
[Black "Bejatovic, Bojana"]
[Result "1-0"]
[WhiteElo "1858"]
[BlackElo "2011"]
[WhiteFideId "6302998"]
[BlackFideId "15000141"]
[EventDate "2013.03.09"]

1. e4 Nf6 2. e5 Nd5 3. c4 Nb6 4. d4 d6 5. exd6 exd6 6. Nf3 Bf5 7. Nc3 Be7 8. Be2
O-O 9. O-O Nc6 10. a3 Bf6 11. Be3 Re8 12. h3 h6 13. b4 d5 14. cxd5 Nxd5 15. Nxd5
Qxd5 16. Rc1 Rad8 17. Bc4 Qd7 18. Qb3 Be4 19. Nh2 Nxd4 20. Bxd4 Bxd4 21. Ng4 h5
22. Ne3 Re5 23. Rfd1 Rg5 24. Bf1 Qxh3 25. Qc4 c5 26. bxc5 Qd7 27. Qe2 Qc7 28.
Rc4 Bxe3 29. Rxd8+ Qxd8 30. Rxe4 Bxf2+ 31. Qxf2 Qd5 32. Re8+ Kh7 33. Qc2+ Rf5
34. Rd8 Qe5 35. Qxf5+ Qxf5 36. Bd3 1-0